Library Banner

Davidson's essentials of medicine (Record no. 68787)

MARC details
000 -LEADER
fixed length control field 00424nam a2200169Ia 4500
001 - CONTROL NUMBER
control field 65471
008 - FIXED-LENGTH DATA ELEMENTS--GENERAL INFORMATION
fixed length control field 150403s9999 xx 000 0 und d
020 ## - INTERNATIONAL STANDARD BOOK NUMBER
International Standard Book Number 9780702030017
040 ## - CATALOGING SOURCE
Transcribing agency PK-LaUMT
082 ## - DEWEY DECIMAL CLASSIFICATION NUMBER
Classification number 610.03
Item number DAV-
100 ## - MAIN ENTRY--PERSONAL NAME
Personal name Innes, J. Alastair
245 ## - TITLE STATEMENT
Title Davidson's essentials of medicine
Statement of responsibility, etc Innes, J. Alastair
260 ## - PUBLICATION, DISTRIBUTION, ETC. (IMPRINT)
Place of publication, distribution, etc New York,USA:
Name of publisher, distributor, etc Elsevier,
Date of publication, distribution, etc 2009
300 ## - PHYSICAL DESCRIPTION
Extent 863 p.
546 ## - LANGUAGE NOTE
Language note EN
942 ## - ADDED ENTRY ELEMENTS (KOHA)
Koha item type Books
Holdings
Withdrawn status Lost status Damaged status Not for loan Home library Current library Date acquired Total Checkouts Full call number Barcode Date last seen Date checked out Price effective from Koha item type
        UMT Health Sciences Campus UMT Health Sciences Campus 2015-04-03 15 610.03 DAV- 84977 2026-01-14 2025-12-31 2015-04-03 Books